Science Quiz

Random Science or Astronomy Quiz

Planets by Image Quiz Stats

Quiz Updated Apr 30, 2015

Challenge
Share
Tweet
Score 0/8 Timer 02:00
3 Plays Today
% Correct
Earth
97.5%
Saturn
94.9%
Jupiter
87.7%
Uranus
76.5%
Neptune
73.2%
Mars
60.3%
Mercury
58.8%
Venus
58.3%

You're not logged in!

Compare scores with friends on all Sporcle quizzes.
Join for Free
OR
Log In

You Might Also Like...

Show Comments

Extras

Top Quizzes Today


Score Distribution

Your Account Isn't Verified!

In order to create a playlist on Sporcle, you need to verify the email address you used during registration. Go to your Sporcle Settings to finish the process.

Report this User

Report this user for behavior that violates our Community Guidelines.

Details: